Un vistazo centroamericano a los planes gubernamentales para la represión de las pandillas: I /

שמור ב:
מידע ביבליוגרפי
פורמט: Texto
שפה:Spanish
תגים: הוספת תג
אין תגיות, היה/י הראשונ/ה לתייג את הרשומה!

MARC

LEADER 00000 a a2200000 04500
001 6706
003 CRAI/IIS
005 20210603134652.0
008 210603b |||||||| |||| 00| 0 spa d
040 |a Centro de Recursos para el Aprendizaje y la Investigación  |b Español  |c CRAI/IIS 
245 |a Un vistazo centroamericano a los planes gubernamentales para la represión de las pandillas:   |b I /  
500 |a Colección Centroamérica 
773 |g volumen 24, número 1074; páginas 12-14   |o REV0420  
942 |2 ddc  |c PP  |h REV0420   |6 REV0420 
999 |c 26183  |d 26183